00954naa#a2200265#i#4500001001600000005001700016011001400033100004100047101000800088102000700096200016700103210004800270215001000318608002700328675011000355700003000465700002400495700002200519700002500541700002500566700002500591700002400616700002800640856002000668EN\\bibl\11776420260630050723.2##a2077-7566##a20260629b2026####ek#y0engy0150####ca0#aRUS##aRU1#aTHE USE OF SPLINT THERAPY FOR TEMPOROMANDIBULAR JOINT DISORDERS AND BRUXISM. A COMPARISON OF CLINICAL GUIDELINES IN RUSSIA AND THE UNITED KINGDOMeJournal article1#aEkaterinburgcTIRAZH Publishing Housed2026##a5 с.##aJournal article2local##aСтоматология. Заболевания ротовой полости и зубов. 616.31zRUS#1aNovoseltsevagVeronica M.#1aVagnergVladimir D.#1aZhurinagArina A.#1aMalginovgNikolay N.#1aMurashovgMikhail A.#1aNersesovgGrigory S.#1aPlatonovagMaria S.#1aStepanovagSvetlana Yu.4#adental-press.ru